000 00391nam a2200169Ia 4500
008 230524s9999 xx 000 0 und d
020 _a9788183711586
082 _bRAT
100 _aAmiya Kumar Rath
_942113
245 0 _aProgramming IN C
250 _a1
260 _aNew Delhi
_bScitech
_c2009
300 _a1-5p;
500 _aQuantity Number: 1
650 _aComp-Sc
942 _cBK
999 _c56516
_d56516